000 00496nam a22001697a 4500
003 BD-ChCU
005 20260111114232.0
008 260111b bg ||||| |||| 00| 0 ben d
040 _cBD-ChCU
082 _a330.1 SUI
100 _aSubrata Gupta .
_918904
245 _aAn introduction to economics ( applied and theoretical )./
_cGupta Subrata.
260 _aCalcutta :
_bN.M. Raychowdhury ,
_cC 1968
300 _axii , 445p
650 0 _aEconomics , Theory of .
_918908
942 _2ddc
_cBK
_n0
999 _c110864
_d110864